000 00731nam a2200253Ia 4500
003 OSt
005 20220926012821.0
006 a|||||r|||| 00| 0
007 ta
008 220923b |||||||| |||| 00| 0 eng d
037 _cGeneral Book
040 _aRTL
_cRTL
_beng
041 _2eng
_aeng
082 _aT4:56.73.N7, L0
100 _aPitcher Robert W
_9317298
245 0 _aWhy college students fail
260 _aNew York
_bFunk and Wagnalls U S A
_c1970
300 _avi,271p.
_ccm.
500 _aBib p. 262-63
650 _aUniversity - Education
700 _a Blaushild Babette
_9317299
942 _hT4:56.73.N7, L0
_cGB
_2CC
999 _c624413
_d624413